LEADER 00795nam0 2200253 450 001 000026488 005 20090908115402.0 010 $a0-86008-199-0 100 $a20090908d1978----km-y0itay50------ba 101 0 $aeng 102 $aJP 200 1 $aCoastal engineering$ean introduction to ocean engineering$fKiyoshi Horikawa 210 $aTokyo$cUniversity of Tokyo$dc1978 215 $aXII, 402 p.$d24 cm. 500 10$aCoastal engineering$943396 610 1 $aOnde$aOceani$aIngegneria 610 1 $aProtezione$aCosta 676 $a620.4162$v21$9INGEGNERIA marina 700 1$aHorikawa,$bKiyoshi$0633611 801 0$aIT$bUNIPARTHENOPE$c20090908$gRICA$2UNIMARC 912 $a000026488 951 $aDISAM 620.4162/4$b477$cDISAM$d2009 996 $aCoastal engineering$943396 997 $aUNIPARTHENOPE LEADER 00912nls 2200253-a 450 001 996357749403316 005 20200915102141.0 011 $a0955-6222 100 $a20001103a19899999 s-- a 101 0 $aeng 110 $aaga 0 135 $aurcn |||||||| 200 1 $aInternational journal of clothing science & technology 207 0$a1989- 210 $aBradford$cMCB University Press$d1989- 326 $aBimestrale 330 $aLa rivista è specializzata in tutti gli aspetti della ricerca sulla scienza dell'abbigliamento, rivolta a tutti coloro che si occupano di abbigliamento: tessuto, design, produzione, macchinari, gestione o vendita al dettaglio 606 $aIndustria tessile$xPeriodici$2BNCF 676 $a687 801 $aIT$bcba$gREICAT 912 $a996357749403316 959 $aEJ 996 $aInternational journal of clothing science & technology$91756348 997 $aUNISA